| 000 | 00743nam a2200217Ia 4500 | ||
|---|---|---|---|
| 001 | 8416 | ||
| 003 | GE_BSU | ||
| 008 | 181216s||||||||xx |||||||||||||| ||und|| | ||
| 040 | _cGE_BSU | ||
| 080 | _a821.353.1-32+821.353.1-92 | ||
| 100 | _aვაჟა-ფშაველა | ||
| 245 | _aთხზულებათა სრული კრებული. ტ.6 მოთხრობები 1896-1909 | ||
| 245 | _b10 ტომად | ||
| 245 | _cსარედ. კოლეგ. გ. ლეონიძე | ||
| 260 | _aთბილისი | ||
| 260 | _bსაბჭოთა საქარტველო | ||
| 260 | _c1964 | ||
| 300 | _a338გვ.22სმ.ილ. | ||
| 653 | _aთხზულებანი | ||
| 942 | _cBK | ||
| 999 |
_c41735 _d41735 |
||